[Event "Hoogeveen op 25th"]
[Site "Hoogeveen"]
[Date "2022.10.17"]
[Round "3"]
[White "Selten, Ton"]
[Black "Bellamy, Linda"]
[Result "1/2-1/2"]
[WhiteElo "1809"]
[BlackElo "1401"]
[PlyCount "68"]
[EventDate "2022.10.15"]
[EventType "swiss"]
[EventRounds "9"]
[EventCountry "NED"]
[SourceTitle "CBM 210 Extra"]
[Source "ChessBase"]
[SourceDate "2022.11.30"]
[SourceVersion "1"]
[SourceVersionDate "2022.11.30"]
[SourceQuality "1"]

1. e4 c5 2. Nf3 d6 3. d3 Nf6 4. g3 e5 5. Bg2 Be7 6. 0-0 0-0 7. Nbd2 Nc6 8. Nc4 h6 9. c3 Be6 10. Qe2 Qd7 11. Ne3 Bh3 12. Nf5 Bxf5 13. exf5 Qxf5 14. Nh4 Qd7 15. f4 exf4 16. Bxf4 g5 17. Nf5 Qxf5 18. Bd2 Qd7 19. Rf3 Ne5 20. Re3 Nfg4 21. Bh3 f5 22. Bxg4 fxg4 23. d4 Nf3+ 24. Kh1 Rf7 25. Re6 Kg7 26. Qe4 Bf6 27. Rd1 cxd4 28. cxd4 Nxd4 29. Rxf6 Rxf6 30. Qxd4 Qc6+ 31. Kg1 Kf7 32. Bc3 Qc5 33. Qxc5 dxc5 34. Bxf6 Kxf6 1/2-1/2

[Event "Hoogeveen op 25th"]
[Site "Hoogeveen"]
[Date "2022.10.16"]
[Round "2"]
[White "Bellamy, Linda"]
[Black "Abma, Klaas"]
[Result "0-1"]
[WhiteElo "1401"]
[BlackElo "1835"]
[PlyCount "120"]
[EventDate "2022.10.15"]
[EventType "swiss"]
[EventRounds "9"]
[EventCountry "NED"]
[SourceTitle "CBM 210 Extra"]
[Source "ChessBase"]
[SourceDate "2022.11.30"]
[SourceVersion "1"]
[SourceVersionDate "2022.11.30"]
[SourceQuality "1"]

1. e4 e5 2. Nf3 Nf6 3. Nxe5 d6 4. Nf3 Nxe4 5. d4 d5 6. Bd3 Bd6 7. 0-0 0-0 8. c4 c6 9. c5 Bc7 10. Nbd2 f5 11. Ne5 Bxe5 12. dxe5 Qe7 13. b4 Nd7 14. f4 a5 15. Qb3 axb4 16. Nxe4 fxe4 17. Bxe4 Nxc5 18. Bxd5+ cxd5 19. Qxd5+ Be6 20. Qf3 Rxa2 21. Rxa2 Bxa2 22. Bb2 Be6 23. g4 Bd7 24. f5 Bc6 25. f6 Qd7 26. e6 Qxe6 27. Qf5 Qxf5 28. gxf5 gxf6 29. Bd4 Ne4 30. Rb1 b3 31. Rxb3 Kf7 32. Rh3 Rg8+ 33. Kf1 Kg7 34. Rh4 h6 35. Rg4+ Kh7 36. Rf4 Rd8 37. Be3 Nd2+ 38. Kf2 Ne4+ 39. Ke1 Ra8 40. Rh4 Ng5 41. Rf4 Ra1+ 42. Ke2 Ra2+ 43. Kd3 Be4+ 44. Kd4 Rxh2 45. Rf1 Ra2 46. Bxg5 Ra4+ 47. Kc5 hxg5 48. Kd6 Kg7 49. Ke7 Ra5 50. Re1 Re5+ 51. Kd6 Bxf5 52. Rc1 b5 53. Rc7+ Kg6 54. Rb7 Be4 55. Rb8 Kf5 56. Rg8 Bd3 57. Kc7 b4 58. Rb8 Rb5 59. Rd8 b3 60. Rxd3 b2 0-1